000 00940nam a2200301 a 4500
001 66178
003 BD-RjUL
005 20211209081516.0
008 170314s2000 gw a b 000 0 eng d
020 _a354064976X
035 _a(BD-RjUL)66308
035 _aMITb10939953
035 _a(OCoLC)42812933
040 _aDLC
_cDLC
_dC#P
_dUKM
_dBD-RjUL
_beng
041 _aeng
082 0 0 _a004.22
_223
_bARC 2000
245 0 0 _aArchitecture design and validation methods /
_cEgon Borger (ed.).
260 _aNew York :
_bSpringer,
_cc2000.
300 _aviii, 357 p. :
_bill. ;
_c24 cm.
490 _aSpringerLink
504 _aIncludes bibliographical references.
650 0 _aComputer architecture.
_9194938
650 0 _aIntegrated circuits
_xVery large scale integration
_xDesign and construction.
_9195833
700 1 _aBorger, E.
_q(Egon),
_d1946-
_9195834
776 1 _w(OCoLC)840292366
856 4 1 _3SpringerLink
942 _2ddc
_cBK
999 _c66178
_d66178